000
00222 a2200097 4500
001
5857
100
_a
Low,BB
245
_a
Mathematics and text book for technical students
260
_a
_b
Longmans
_c
090
_c
4790
_d
4790
942
_a
NUST-CAE
_c
M
_c
31145
999
_c
240930
_d
240930